Estudios sobre el combate / (Record no. 25710)

MARC details
000 -LEADER
campo de control de longitud fija 00498nam a2200157 i 4500
001 - NÚMERO DE CONTROL
campo de control 25710
003 - IDENTIFICADOR DE NÚMERO DE CONTROL
campo de control ES-MaACL
007 - CAMPO FIJO DE DESCRIPCIÓN FÍSICA--INFORMACIÓN GENERAL
campo de control de longitud fija t|
008 - DATOS DE LONGITUD FIJA--INFORMACIÓN GENERAL
campo de control de longitud fija 030102s1883 sp ||||1| spa d
100 1# - ENTRADA PRINCIPAL--NOMBRE DE PERSONA
Nombre de persona Ardant du Picq, Charles.
9 (RLIN) 22527
245 10 - MENCIÓN DEL TÍTULO
Título Estudios sobre el combate /
Mención de responsabilidad, etc. por el coronel Charles Ardant du Picq ; traducido por Antonio Monroy.
260 ## - PUBLICACIÓN, DISTRIBUCIÓN, ETC.
Lugar de publicación, distribución, etc. Madrid :
Nombre del editor, distribuidor, etc. Alvarez Hermanos,
Fecha de publicación, distribución, etc. 1883.
300 ## - DESCRIPCIÓN FÍSICA
Extensión 2 t. en 1 v. ;
Dimensiones 15 x 10 cm.
700 1# - ENTRADA AGREGADA--NOMBRE PERSONAL
Nombre de persona Monroy, Antonio.
9 (RLIN) 82280
852 ## - LOCALIZACIÓN
Ubicación ES-MaACL
Número de control de estantería G-10990
Holdings
Estatus retirado Estado de pérdida Estado de daño No para préstamo Colección Biblioteca de origen Biblioteca actual Ubicación en estantería Fecha de adquisición Fuente de adquisición Total de préstamos Signatura topográfica completa Código de barras Visto por última vez Precio de reemplazo Tipo de ítem Koha
        Libros del s. XIX Biblioteca del Ateneo de Madrid Biblioteca del Ateneo de Madrid Sala Pecera Planta 3 17/01/2008     G-10990 1026515 23/02/2023 23/02/2023 Libro impreso antiguo